| 000 | nam a22 7a 4500 | ||
|---|---|---|---|
| 999 |
_c331635 _d331635 |
||
| 003 | NUST | ||
| 005 | 20171011110858.0 | ||
| 008 | 171011b xxu||||| |||| 00| 0 eng d | ||
| 040 | _cNUST | ||
| 082 |
_a891.55111 _bCHI |
||
| 100 |
_aK̲havājah Mu̒īnuddīn Cishtī. _95334 |
||
| 245 |
_aDevan K̲havājah Mu̒īnuddīn Cishtī. / _cby K̲havājah Mu̒īnuddīn Cishtī. tadveen Sadiq Zahid |
||
| 260 |
_aLahore: _bAl-Hamd publication, _c2008 |
||
| 300 | _a192 p. | ||
| 500 | _aPoetry | ||
| 546 | _aIn urdu | ||
| 650 |
_aPersian Literature _95335 |
||
| 880 |
_6100-01\(3\r _aخواجہ معین الدّین چشتی |
||
| 880 |
_6245-02\(3\r _aدیوان خواجہ معین الدین چشتی _cخواجہ معین الدّین چشتی، مقدمہ و تدوین: صادق زاہد |
||
| 880 |
_6260-03\(3\r _aلاہور: _bالحمد پبلی کیشنز، _c2008 |
||
| 942 |
_2ddc _cBK |
||